Elementary applied partial differential equations : (Record no. 175347)
[ view plain ]
| 000 -LEADER | |
|---|---|
| fixed length control field | 01470 a2200229 4500 |
| 003 - CONTROL NUMBER IDENTIFIER | |
| control field | NUST |
| 005 - DATE AND TIME OF LATEST TRANSACTION | |
| control field | 20221121133149.0 |
| 010 ## - LIBRARY OF CONGRESS CONTROL NUMBER | |
| LC control number | 97019521 |
| 020 ## - INTERNATIONAL STANDARD BOOK NUMBER | |
| International Standard Book Number | 013263807X |
| 040 ## - CATALOGING SOURCE | |
| Transcribing agency | Nust |
| 082 00 - DEWEY DECIMAL CLASSIFICATION NUMBER | |
| Classification number | 515.353,HAB |
| 100 1# - MAIN ENTRY--PERSONAL NAME | |
| Personal name | Haberman, Richard, |
| 9 (RLIN) | 103270 |
| 245 10 - TITLE STATEMENT | |
| Title | Elementary applied partial differential equations : |
| Remainder of title | with Fourier series and boundary value problems / |
| Statement of responsibility, etc. | Richard Haberman. |
| 250 ## - EDITION STATEMENT | |
| Edition statement | 3rd ed. |
| 260 ## - PUBLICATION, DISTRIBUTION, ETC. | |
| Place of publication, distribution, etc. | Upper Saddle River, NJ : |
| Name of publisher, distributor, etc. | Prentice Hall, |
| Date of publication, distribution, etc. | c1998. |
| 300 ## - PHYSICAL DESCRIPTION | |
| Extent | xiv, 736 p. : |
| Other physical details | ill. ; |
| Dimensions | 25 cm. |
| 505 ## - FORMATTED CONTENTS NOTE | |
| Formatted contents note | Heat Equation (Page-1), Methods of Separation of Variables (Page-32), Fourier Seres (Page-86), Vibrating Strings and Membranes (Page-130), Sturm-Liouville Eigenvalue Problems (Page-151),An Elementary Discussion of Finite Difference Numerical Methods (Page-215), Partial Differntial Equations with At Least Indepedent (Page-266),Nonhomogeneous Problems (Page-337), Green'n Functions for Time-Independent Problems (Page-370), Infinite Domain Problems -Fourier Transform Solutions of Partial (Page-434),Green' s Functions for Time - Dependent Problems (Page-495), The Method of Characteristics for Linear and Quasi-Linear Wave Equations (Page-525), Brief Introduction to Laplace Transform Solutio of Partial Diferential Equationns (Page-568), Topics (Page-598), |
| 650 #0 - SUBJECT ADDED ENTRY--TOPICAL TERM | |
| Topical term or geographic name entry element | Boundary value problems. |
| 9 (RLIN) | 689 |
| 650 #0 - SUBJECT ADDED ENTRY--TOPICAL TERM | |
| Topical term or geographic name entry element | Differential equations, Partial. |
| 650 #0 - SUBJECT ADDED ENTRY--TOPICAL TERM | |
| Topical term or geographic name entry element | Fourier series. |
| 9 (RLIN) | 39035 |
| 942 ## - ADDED ENTRY ELEMENTS (KOHA) | |
| Koha item type | Book |
| Source of classification or shelving scheme | |
| Call number prefix | 515.353,HAB |
| Withdrawn status | Lost status | Source of classification or shelving scheme | Damaged status | Not for loan | Permanent Location | Current Location | Shelving location | Date acquired | Full call number | Barcode | Date last seen | Price effective from | Koha item type | Public note |
|---|---|---|---|---|---|---|---|---|---|---|---|---|---|---|
| Military College of Signals (MCS) | Military College of Signals (MCS) | General Stacks | 12/12/2016 | 515.353,HAB | MCS26743 | 12/08/2016 | 12/12/2016 | Book | Almirah No.13, Shelf No.5 |
